Biện pháp quản lý công tác tự đánh giá trong kiểm định chất lượng đào tạo Đại học của trường Đại học Kinh tế - Đại học Đà Nẵng
Cơ sở lý luận về thanh tra và quản lý công tác tự đánh giá trong kiểm định chất lượng đào tạo Đại học. Thực trạng quản lý công tác tự đánh giá trong KĐCL đào tạo Đại học của trường Đại học Kinh tế - ĐHĐN . Biện pháp quản lý công tác tự đánh giá trong KĐCLĐT đại học của trường Đại học Kinh tế - ĐHĐN....
محفوظ في:
| المؤلف الرئيسي: | |
|---|---|
| مؤلفون آخرون: | |
| التنسيق: | كتاب |
| اللغة: | Vietnamese |
| منشور في: |
Đà Nẵng
Đại học Đà Nẵng
2009
|
| الموضوعات: | |
| الوسوم: |
إضافة وسم
لا توجد وسوم, كن أول من يضع وسما على هذه التسجيلة!
|
| Thư viện lưu trữ: | Mạng thư viện Đại học Đà Nẵng |
|---|
| LEADER | 01930nam a2200349 4500 | ||
|---|---|---|---|
| 001 | 000010741 | ||
| 003 | 6955 | ||
| 005 | 20111220091240.0 | ||
| 008 | 111220s2009 viesd | ||
| 041 | |a vie | ||
| 072 | |a Luận văn Thạc sĩ khoa học giáo dục | ||
| 082 | |a 378.107 |b TR-H | ||
| 100 | 1 | |a Trần Quốc Hùng | |
| 245 | 1 | |a Biện pháp quản lý công tác tự đánh giá trong kiểm định chất lượng đào tạo Đại học của trường Đại học Kinh tế - Đại học Đà Nẵng |c Trần Quốc Hùng | |
| 260 | |a Đà Nẵng |b Đại học Đà Nẵng |c 2009 | ||
| 300 | |a 110 tr. |c 29 cm |e 1 tóm tắt | ||
| 500 | |a Luận văn Thạc sĩ Khoa học giáo dục. Chuyên ngành: Quản lý giáo dục. Mã số: 60.14.05 | ||
| 520 | |a Cơ sở lý luận về thanh tra và quản lý công tác tự đánh giá trong kiểm định chất lượng đào tạo Đại học. Thực trạng quản lý công tác tự đánh giá trong KĐCL đào tạo Đại học của trường Đại học Kinh tế - ĐHĐN . Biện pháp quản lý công tác tự đánh giá trong KĐCLĐT đại học của trường Đại học Kinh tế - ĐHĐN. | ||
| 653 | |a Kiểm định chất lượng trong đào tạo đại học | ||
| 653 | |a Luận văn Thạc sĩ Khoa học giáo dục | ||
| 653 | |a Trường Đại học Kinh tế - ĐHĐN | ||
| 700 | 1 | |a Nguyễn Thị Mỹ Lộc |c PGS.TS |e Hướng dẫn | |
| OWN | |a LSP | ||
| AVA | |a UDN50 |b LSP |d 378.107 TR-H |e available |t Error 5001 Not defined in file expand_doc_bib_avail. |f 1 |g 0 |h N |i 0 |k 1 | ||
| 999 | |a From the UDN01 | ||
| AVA | |a UDN50 |b LSP |d 378.107 TR-H |e available |t Error 5001 Not defined in file expand_doc_bib_avail. |f 1 |g 0 |h N |i 0 |k 1 | ||
| TYP | |a Monograph | ||
| TYP | |a Printed language | ||
| 980 | |a Mạng thư viện Đại học Đà Nẵng | ||